Statistics for Transformers: The Primes

Click here to take the quiz!

General Stats

  • This quiz has been taken 65 times
  • The average score is 9 of 16

Answer Stats

The PrimesAnswer% Correct
Most famous PrimeOptimus Prime
100%
Slain by Megatron during a prison breakSentinel Prime
77%
One of the 13 PrimesMegatronus Prime
74%
One of the 13 PrimesAlpha Trion
70%
Most recent PrimeRodimus Prime
70%
One of the 13 PrimesSolus Prime
64%
One of the 13 PrimesMicronus Prime
53%
One of the 13 PrimesPrima
53%
One of the 13 PrimesNexus Prime
51%
One of the 13 PrimesAlchemist Prime
49%
One of the 13 PrimesVector Prime
49%
One of the 13 PrimesLiege Maximo
47%
One of the 13 PrimesAmalgamous Prime
45%
One of the 13 PrimesQuintus Prime
45%
Died in prisonZeta Prime
40%
One of the 13 PrimesThe Arisen
17%

Score Distribution

Percentile by Number Answered

Percent of People with Each Score

Your Score History

You have not taken this quiz